Films avec Jean Dujardin - Mort subite - Statistiques

Statistiques générales
  • Ce quiz a été pris 58 822 fois
    57 167 depuis la dernière actualisation
  • Le résultat moyen est 6 sur 20
Answers on the Grid
Answers color-coded by a green-red scale on the quiz's grid according to % correct below.
La Soif de l'or
Le Vase de Soissons
Le Placard
Bienvenue chez les Rozes
Quai des Orfèvres
Bienvenue chez les Ch’tis
Le Comte de Monte-Cristo
L'Arnacoeur
Les Trois Mousquetaires : D'Artagnan
Banco à Bangkok pour OSS 117
Brice 2
Alibi.com
Babysitting
Fantômas
The Big Short : Le Casse du siècle
Daaaaaalí !
BAC Nord
OSS 117 :
Alerte rouge en Afrique noire
Monuments Men
Les Infidèles
Lucky Luke
OSS 117 : Le Caire, nid d'espions
OSS 117 : Rio ne répond plus
Les Petits Mouchoirs
The Artist
Le Loup de Wall Street
La French
Un homme à la hauteur
Brice de Nice
Brice 3
J'accuse
Novembre
99 Francs
Présidents
Le Bruit des glaçons
Le Daim
 
Statistiques - réponses
Réponse % Correct
OSS 117 : Le Caire, nid d'espions
55%
OSS 117 : Rio ne répond plus
54%
Brice de Nice
51%
OSS 117 :
Alerte rouge en Afrique noire
51%
Brice 3
45%
The Artist
43%
Lucky Luke
32%
La French
27%
Le Loup de Wall Street
27%
Les Infidèles
25%
Novembre
25%
J'accuse
24%
Les Petits Mouchoirs
22%
Un homme à la hauteur
22%
99 Francs
17%
Le Daim
16%
Monuments Men
13%
Présidents
12%
Le Bruit des glaçons
8%
Bienvenue chez les Rozes
4%
Aucun quiz correspondant
Distribution des résultats
% des personnes avec chaque résultat
Percentile par nombre de réponses
Votre historique - résultats
Vous n’avez pas pris ce quiz depuis la dernière actualisation